00533cam a2200181 a 4500008004100000020002200041245007200063250001200135260005400147300003400201500002000235504004100255650001400296650001400310003000100324005001700325040000900342  a0471958115 (pbk.)10aBacteria in biology, biotechnology, and medicine /cPaul Singleton. a3rd ed. aChichester ;aNew York :bJ. Wiley & Sons,c1995. avii, 319 p. :bill. ;c23 cm. aIncludes index. aIncludes bibliographical references. 0aBacteria.12aBacteria.20230123134341.0 cNUST